000 00763nam a2200301 a 4500
003 AR-BaBNM
005 20251128204239.0
008 082120s2002 ||||||||||||||000 | spa||
020 _a968-26-0265-3
040 _cAR-BaBNM
100 1 _aBoella, Michael J.
245 0 0 _aTrabajando en un hotel
260 _aMéxico, D.F.
_bContinental
_c1987
300 _a111 p.
_btablas
650 4 _aINDUSTRIA HOTELERA
650 4 _aENSEÑANZA DE LA HOTELERIA
650 4 _aINDUSTRIA TURISTICA
650 4 _aINSTALACIONES TURISTICAS
650 4 _aHOTELES
650 4 _aTURISMO
650 4 _aINFRAESTRUCTURA DEL TURISMO
650 4 _aADMINISTRACION
650 4 _aORGANIZACION
650 4 _aPERSONAL
650 4 _aHISTORIA
942 _cBK
998 _cMarce
999 _c6702
_d6702